| 000 | 00000nam 2200000zi 4500 |
| 001 | 9.954221 |
| 003 | CaOODSP |
| 005 | 20250820081002 |
| 006 | m o d f |
| 007 | cr mn||||||||| |
| 008 | 250818e20180516oncd obs f000 0 eng d |
| 040 | |aCaOODSP|beng|erda|cCaOODSP |
| 043 | |an-cn--- |
| 086 | 1 |aCS82-003/2018-5-2E-PDF |
| 100 | 1 |aGarner, Rochelle,|d1974- |eauthor. |
| 245 | 10|aTransitions to long-term and residential care among older Canadians / |cby Rochelle Garner, Peter Tanuseputro, Douglas G. Manuel and Claudia Sanmartin. |
| 264 | 1|a[Ottawa] : |bStatistics Canada = Statistique Canada, |cMay 16, 2018. |
| 264 | 4|c©2018 |
| 300 | |a1 online resource (pages 13-23) : |bgraphs. |
| 336 | |atext|btxt|2rdacontent |
| 337 | |acomputer|bc|2rdamedia |
| 338 | |aonline resource|bcr|2rdacarrier |
| 490 | 1 |aHealth reports, |x1209-1367 ; |vvol. 29, no. 5, [2] |
| 500 | |aCover title. |
| 500 | |aIssued also in French under title: Transitions vers les soins de longue durée et les soins en établissement chez les Canadiens âgés. |
| 504 | |aIncludes bibliographical references (pages 22-23). |
| 520 | 3 |a"The aging of the Canadian population has increased attention on the future need for nursing home beds. Although current projections rely primarily on age and sex, other factors also contribute to the need for long-term care. This study seeks to identify additional factors to age and sex that contribute to Canadians transitioning from living at home to living in a seniors’ residence or nursing home"--Abstract, page 13. |
| 650 | 0|aNursing homes|zCanada|vStatistics. |
| 650 | 0|aLong-term care facilities|zCanada|vStatistics. |
| 650 | 0|aOlder people|xDwellings|zCanada. |
| 655 | 7|aStatistics|2lcgft |
| 710 | 2 |aStatistics Canada, |eissuing body. |
| 775 | 08|tTransitions vers les soins de longue durée et les soins en établissement chez les Canadiens âgés / |w(CaOODSP)9.954222 |
| 830 | #0|aHealth reports (Series)|x1209-1367 ; |vvol. 29, no. 5, [2].|w(CaOODSP)9.950253 |
| 856 | 40|qPDF|s564 KB|uhttps://publications.gc.ca/collections/collection_2025/statcan/82-003-x/CS82-003-2018-5-2-eng.pdf |
| 856 | 4 |qHTML|sN/A|uhttps://www150.statcan.gc.ca/n1/pub/82-003-x/2018005/article/54966-eng.htm |